<?xml version="1.0" encoding="UTF-8"?>
<record
    xmlns:xsi="http://www.w3.org/2001/XMLSchema-instance"
    xsi:schemaLocation="http://www.loc.gov/MARC21/slim http://www.loc.gov/standards/marcxml/schema/MARC21slim.xsd"
    xmlns="http://www.loc.gov/MARC21/slim">

  <leader>04225nam a22004217a 4500</leader>
  <controlfield tag="005">2008081907107.0</controlfield>
  <controlfield tag="008">080819t        xxu||||| |||| 00| f hin d</controlfield>
  <datafield tag="010" ind1=" " ind2=" ">
    <subfield code="a">HIN-83972      B-291580-590</subfield>
  </datafield>
  <datafield tag="020" ind1=" " ind2=" ">
    <subfield code="c">125.00</subfield>
  </datafield>
  <datafield tag="035" ind1=" " ind2=" ">
    <subfield code="a">HN-56318</subfield>
  </datafield>
  <datafield tag="035" ind1=" " ind2=" ">
    <subfield code="a">B-291580-590</subfield>
  </datafield>
  <datafield tag="037" ind1=" " ind2=" ">
    <subfield code="a">DBAD / PUB</subfield>
  </datafield>
  <datafield tag="040" ind1=" " ind2=" ">
    <subfield code="a">DPL</subfield>
    <subfield code="b">HN</subfield>
  </datafield>
  <datafield tag="082" ind1=" " ind2=" ">
    <subfield code="a">&#x909;</subfield>
  </datafield>
  <datafield tag="100" ind1=" " ind2=" ">
    <subfield code="a">&#x936;&#x930;&#x94D;&#x92E;&#x93E;, &#x92F;&#x93E;&#x926;&#x935;&#x947;&#x928;&#x94D;&#x926;&#x94D;&#x930; '&#x91A;&#x928;&#x94D;&#x926;&#x94D;&#x930;'</subfield>
  </datafield>
  <datafield tag="245" ind1=" " ind2=" ">
    <subfield code="a">&#x930;&#x93E;&#x916; &#x938;&#x947; &#x922;&#x915;&#x947; &#x92E;&#x928; /</subfield>
    <subfield code="c">&#x92F;&#x93E;&#x926;&#x935;&#x947;&#x928;&#x94D;&#x926;&#x94D;&#x930; &#x936;&#x930;&#x94D;&#x92E;&#x93E; '&#x91A;&#x928;&#x94D;&#x926;&#x94D;&#x930;'</subfield>
  </datafield>
  <datafield tag="246" ind1=" " ind2=" ">
    <subfield code="a">Raakha se dhake mana</subfield>
    <subfield code="b">by Yaadavendra Sharma 'Chandara'</subfield>
  </datafield>
  <datafield tag="260" ind1=" " ind2=" ">
    <subfield code="a">&#x926;&#x93F;&#x932;&#x94D;&#x932;&#x940;</subfield>
    <subfield code="b">&#x92F;&#x941;&#x917;&#x92C;&#x94B;&#x927; &#x938;&#x93E;&#x939;&#x93F;&#x924;&#x94D;&#x92F;</subfield>
    <subfield code="c">2007</subfield>
  </datafield>
  <datafield tag="270" ind1=" " ind2=" ">
    <subfield code="a">518/6&#x92C;&#x940;, &#x915;&#x921;&#x93C;&#x915;&#x921;&#x940; &#x930;&#x94B;&#x921;, &#x935;&#x93F;&#x936;&#x94D;&#x935;&#x93E;&#x938; &#x928;&#x917;&#x930;, &#x936;&#x93E;&#x939;&#x926;&#x930;&#x93E;</subfield>
    <subfield code="b">&#x926;&#x93F;&#x932;&#x94D;&#x932;&#x940;</subfield>
    <subfield code="e">110032</subfield>
  </datafield>
  <datafield tag="300" ind1=" " ind2=" ">
    <subfield code="a">111&#x92A;&#x943;</subfield>
    <subfield code="c">22&#x938;&#x947;&#x92E;&#x940; (&#x938;&#x91C;&#x93F;&#x932;&#x94D;&#x926;)</subfield>
  </datafield>
  <datafield tag="500" ind1=" " ind2=" ">
    <subfield code="a">&#x938;&#x92E;&#x93E;&#x928; ISBN 8181080203 &#x936;&#x940;&#x930;&#x94D;&#x937;&#x915;  '&#x917;&#x92C;&#x928; '</subfield>
  </datafield>
  <datafield tag="650" ind1=" " ind2=" ">
    <subfield code="a">&#x939;&#x93F;&#x928;&#x94D;&#x926;&#x940; &#x915;&#x925;&#x93E; &#x938;&#x93E;&#x939;&#x93F;&#x924;&#x94D;&#x92F;</subfield>
  </datafield>
  <datafield tag="650" ind1=" " ind2=" ">
    <subfield code="a">Hindi fiction</subfield>
  </datafield>
  <datafield tag="942" ind1=" " ind2=" ">
    <subfield code="2">ddc</subfield>
    <subfield code="c">HN</subfield>
    <subfield code="h">&#x909;</subfield>
    <subfield code="m">&#x936;&#x930;&#x94D;&#x92E;&#x93E;&#x92F;&#x93E;</subfield>
  </datafield>
  <datafield tag="999" ind1=" " ind2=" ">
    <subfield code="c">14914</subfield>
    <subfield code="d">14914</subfield>
  </datafield>
  <datafield tag="952" ind1=" " ind2=" ">
    <subfield code="0">0</subfield>
    <subfield code="1">0</subfield>
    <subfield code="4">0</subfield>
    <subfield code="7">1</subfield>
    <subfield code="8">FIC</subfield>
    <subfield code="a">DBAD</subfield>
    <subfield code="b">DBAD</subfield>
    <subfield code="d">2008-08-19</subfield>
    <subfield code="e">DBAD / PUB</subfield>
    <subfield code="g">125.00</subfield>
    <subfield code="l">0</subfield>
    <subfield code="o">&#x909; &#x936;&#x930;&#x94D;&#x92E;&#x93E;&#x92F;&#x93E;</subfield>
    <subfield code="p">HN-56318</subfield>
    <subfield code="r">2008-09-15 00:00:00</subfield>
    <subfield code="t">1</subfield>
    <subfield code="v">125.00</subfield>
    <subfield code="w">2008-09-15</subfield>
    <subfield code="y">HN</subfield>
  </datafield>
  <datafield tag="952" ind1=" " ind2=" ">
    <subfield code="0">0</subfield>
    <subfield code="1">0</subfield>
    <subfield code="2">ddc</subfield>
    <subfield code="4">0</subfield>
    <subfield code="7">0</subfield>
    <subfield code="8">FIC</subfield>
    <subfield code="a">L</subfield>
    <subfield code="b">L</subfield>
    <subfield code="d">2009-05-18</subfield>
    <subfield code="e">&#x92F;&#x941;&#x917;&#x92C;&#x94B;&#x927; &#x938;&#x93E;&#x939;&#x93F;&#x924;&#x94D;&#x92F;/199/15.9.08/403/4.9.08/19.9.08</subfield>
    <subfield code="g">125.00</subfield>
    <subfield code="l">0</subfield>
    <subfield code="o">&#x909; &#x936;&#x930;&#x94D;&#x92E;&#x93E;&#x92F;&#x93E;</subfield>
    <subfield code="p">B-291580</subfield>
    <subfield code="r">2009-05-18 00:00:00</subfield>
    <subfield code="t">1</subfield>
    <subfield code="v">125.00</subfield>
    <subfield code="w">2009-05-18</subfield>
    <subfield code="y">HN</subfield>
  </datafield>
  <datafield tag="952" ind1=" " ind2=" ">
    <subfield code="0">0</subfield>
    <subfield code="1">0</subfield>
    <subfield code="2">ddc</subfield>
    <subfield code="4">0</subfield>
    <subfield code="7">0</subfield>
    <subfield code="8">FIC</subfield>
    <subfield code="a">M</subfield>
    <subfield code="b">M</subfield>
    <subfield code="d">2009-05-18</subfield>
    <subfield code="e">&#x92F;&#x941;&#x917;&#x92C;&#x94B;&#x927; &#x938;&#x93E;&#x939;&#x93F;&#x924;&#x94D;&#x92F;/199/15.9.08/403/4.9.08/19.9.08</subfield>
    <subfield code="g">125.00</subfield>
    <subfield code="l">0</subfield>
    <subfield code="o">&#x909; &#x936;&#x930;&#x94D;&#x92E;&#x93E;&#x92F;&#x93E;</subfield>
    <subfield code="p">B-291581</subfield>
    <subfield code="r">2009-05-18 00:00:00</subfield>
    <subfield code="t">2</subfield>
    <subfield code="v">125.00</subfield>
    <subfield code="w">2009-05-18</subfield>
    <subfield code="y">HN</subfield>
  </datafield>
  <datafield tag="952" ind1=" " ind2=" ">
    <subfield code="0">0</subfield>
    <subfield code="1">0</subfield>
    <subfield code="2">ddc</subfield>
    <subfield code="4">0</subfield>
    <subfield code="7">0</subfield>
    <subfield code="8">FIC</subfield>
    <subfield code="a">M</subfield>
    <subfield code="b">M</subfield>
    <subfield code="d">2009-05-18</subfield>
    <subfield code="e">&#x92F;&#x941;&#x917;&#x92C;&#x94B;&#x927; &#x938;&#x93E;&#x939;&#x93F;&#x924;&#x94D;&#x92F;/199/15.9.08/403/4.9.08/19.9.08</subfield>
    <subfield code="g">125.00</subfield>
    <subfield code="l">0</subfield>
    <subfield code="o">&#x909; &#x936;&#x930;&#x94D;&#x92E;&#x93E;&#x92F;&#x93E;</subfield>
    <subfield code="p">B-291582</subfield>
    <subfield code="r">2009-05-18 00:00:00</subfield>
    <subfield code="t">2</subfield>
    <subfield code="v">125.00</subfield>
    <subfield code="w">2009-05-18</subfield>
    <subfield code="y">HN</subfield>
  </datafield>
  <datafield tag="952" ind1=" " ind2=" ">
    <subfield code="0">0</subfield>
    <subfield code="1">0</subfield>
    <subfield code="2">ddc</subfield>
    <subfield code="4">0</subfield>
    <subfield code="7">0</subfield>
    <subfield code="8">FIC</subfield>
    <subfield code="a">BL1</subfield>
    <subfield code="b">BL1</subfield>
    <subfield code="d">2009-05-18</subfield>
    <subfield code="e">&#x92F;&#x941;&#x917;&#x92C;&#x94B;&#x927; &#x938;&#x93E;&#x939;&#x93F;&#x924;&#x94D;&#x92F;/199/15.9.08/403/4.9.08/19.9.08</subfield>
    <subfield code="g">125.00</subfield>
    <subfield code="l">0</subfield>
    <subfield code="o">&#x909; &#x936;&#x930;&#x94D;&#x92E;&#x93E;&#x92F;&#x93E;</subfield>
    <subfield code="p">B-291583</subfield>
    <subfield code="r">2009-05-18 00:00:00</subfield>
    <subfield code="t">1</subfield>
    <subfield code="v">125.00</subfield>
    <subfield code="w">2009-05-18</subfield>
    <subfield code="y">HN</subfield>
  </datafield>
  <datafield tag="952" ind1=" " ind2=" ">
    <subfield code="0">0</subfield>
    <subfield code="1">0</subfield>
    <subfield code="2">ddc</subfield>
    <subfield code="4">0</subfield>
    <subfield code="7">0</subfield>
    <subfield code="8">FIC</subfield>
    <subfield code="a">ZLS</subfield>
    <subfield code="b">ZLS</subfield>
    <subfield code="d">2009-05-18</subfield>
    <subfield code="e">&#x92F;&#x941;&#x917;&#x92C;&#x94B;&#x927; &#x938;&#x93E;&#x939;&#x93F;&#x924;&#x94D;&#x92F;/199/15.9.08/403/4.9.08/19.9.08</subfield>
    <subfield code="g">125.00</subfield>
    <subfield code="l">1</subfield>
    <subfield code="o">&#x909; &#x936;&#x930;&#x94D;&#x92E;&#x93E;&#x92F;&#x93E;</subfield>
    <subfield code="p">B-291584</subfield>
    <subfield code="r">2019-07-19 00:00:00</subfield>
    <subfield code="s">2019-07-04</subfield>
    <subfield code="t">1</subfield>
    <subfield code="v">125.00</subfield>
    <subfield code="w">2009-05-18</subfield>
    <subfield code="y">HN</subfield>
  </datafield>
  <datafield tag="952" ind1=" " ind2=" ">
    <subfield code="0">0</subfield>
    <subfield code="1">0</subfield>
    <subfield code="2">ddc</subfield>
    <subfield code="4">0</subfield>
    <subfield code="7">0</subfield>
    <subfield code="8">FIC</subfield>
    <subfield code="a">RKP</subfield>
    <subfield code="b">RKP</subfield>
    <subfield code="d">2009-05-18</subfield>
    <subfield code="e">&#x92F;&#x941;&#x917;&#x92C;&#x94B;&#x927; &#x938;&#x93E;&#x939;&#x93F;&#x924;&#x94D;&#x92F;/199/15.9.08/403/4.9.08/19.9.08</subfield>
    <subfield code="g">125.00</subfield>
    <subfield code="l">0</subfield>
    <subfield code="o">&#x909; &#x936;&#x930;&#x94D;&#x92E;&#x93E;&#x92F;&#x93E;</subfield>
    <subfield code="p">B-291585</subfield>
    <subfield code="r">2009-05-18 00:00:00</subfield>
    <subfield code="t">1</subfield>
    <subfield code="v">125.00</subfield>
    <subfield code="w">2009-05-18</subfield>
    <subfield code="y">HN</subfield>
  </datafield>
  <datafield tag="952" ind1=" " ind2=" ">
    <subfield code="0">0</subfield>
    <subfield code="1">0</subfield>
    <subfield code="2">ddc</subfield>
    <subfield code="4">0</subfield>
    <subfield code="7">0</subfield>
    <subfield code="8">FIC</subfield>
    <subfield code="a">AG</subfield>
    <subfield code="b">AG</subfield>
    <subfield code="d">2009-05-18</subfield>
    <subfield code="e">&#x92F;&#x941;&#x917;&#x92C;&#x94B;&#x927; &#x938;&#x93E;&#x939;&#x93F;&#x924;&#x94D;&#x92F;/199/15.9.08/403/4.9.08/19.9.08</subfield>
    <subfield code="g">125.00</subfield>
    <subfield code="l">4</subfield>
    <subfield code="o">&#x909; &#x936;&#x930;&#x94D;&#x92E;&#x93E;&#x92F;&#x93E;</subfield>
    <subfield code="p">B-291586</subfield>
    <subfield code="r">2019-12-07 00:00:00</subfield>
    <subfield code="s">2019-11-20</subfield>
    <subfield code="t">1</subfield>
    <subfield code="v">125.00</subfield>
    <subfield code="w">2009-05-18</subfield>
    <subfield code="y">HN</subfield>
  </datafield>
  <datafield tag="952" ind1=" " ind2=" ">
    <subfield code="0">0</subfield>
    <subfield code="1">0</subfield>
    <subfield code="2">ddc</subfield>
    <subfield code="4">0</subfield>
    <subfield code="7">0</subfield>
    <subfield code="8">FIC</subfield>
    <subfield code="a">SP</subfield>
    <subfield code="b">SP</subfield>
    <subfield code="d">2009-05-18</subfield>
    <subfield code="e">&#x92F;&#x941;&#x917;&#x92C;&#x94B;&#x927; &#x938;&#x93E;&#x939;&#x93F;&#x924;&#x94D;&#x92F;/199/15.9.08/403/4.9.08/19.9.08</subfield>
    <subfield code="g">125.00</subfield>
    <subfield code="l">0</subfield>
    <subfield code="o">&#x909; &#x936;&#x930;&#x94D;&#x92E;&#x93E;&#x92F;&#x93E;</subfield>
    <subfield code="p">B-291587</subfield>
    <subfield code="r">2009-05-18 00:00:00</subfield>
    <subfield code="t">1</subfield>
    <subfield code="v">125.00</subfield>
    <subfield code="w">2009-05-18</subfield>
    <subfield code="y">HN</subfield>
  </datafield>
  <datafield tag="952" ind1=" " ind2=" ">
    <subfield code="0">0</subfield>
    <subfield code="1">0</subfield>
    <subfield code="2">ddc</subfield>
    <subfield code="4">0</subfield>
    <subfield code="7">0</subfield>
    <subfield code="8">FIC</subfield>
    <subfield code="a">VP</subfield>
    <subfield code="b">VP</subfield>
    <subfield code="d">2009-05-18</subfield>
    <subfield code="e">&#x92F;&#x941;&#x917;&#x92C;&#x94B;&#x927; &#x938;&#x93E;&#x939;&#x93F;&#x924;&#x94D;&#x92F;/199/15.9.08/403/4.9.08/19.9.08</subfield>
    <subfield code="g">125.00</subfield>
    <subfield code="l">3</subfield>
    <subfield code="o">&#x909; &#x936;&#x930;&#x94D;&#x92E;&#x93E;&#x92F;&#x93E;</subfield>
    <subfield code="p">B-291588</subfield>
    <subfield code="r">2010-12-23 00:00:00</subfield>
    <subfield code="s">2010-12-13</subfield>
    <subfield code="t">1</subfield>
    <subfield code="v">125.00</subfield>
    <subfield code="w">2009-05-18</subfield>
    <subfield code="y">HN</subfield>
  </datafield>
  <datafield tag="952" ind1=" " ind2=" ">
    <subfield code="0">0</subfield>
    <subfield code="1">0</subfield>
    <subfield code="2">ddc</subfield>
    <subfield code="4">0</subfield>
    <subfield code="7">0</subfield>
    <subfield code="8">FIC</subfield>
    <subfield code="a">BL3</subfield>
    <subfield code="b">BL3</subfield>
    <subfield code="d">2009-05-18</subfield>
    <subfield code="e">&#x92F;&#x941;&#x917;&#x92C;&#x94B;&#x927; &#x938;&#x93E;&#x939;&#x93F;&#x924;&#x94D;&#x92F;/199/15.9.08/403/4.9.08/19.9.08</subfield>
    <subfield code="g">125.00</subfield>
    <subfield code="l">0</subfield>
    <subfield code="o">&#x909; &#x936;&#x930;&#x94D;&#x92E;&#x93E;&#x92F;&#x93E;</subfield>
    <subfield code="p">B-291589</subfield>
    <subfield code="r">2009-05-18 00:00:00</subfield>
    <subfield code="t">1</subfield>
    <subfield code="v">125.00</subfield>
    <subfield code="w">2009-05-18</subfield>
    <subfield code="y">HN</subfield>
  </datafield>
  <datafield tag="952" ind1=" " ind2=" ">
    <subfield code="0">0</subfield>
    <subfield code="1">0</subfield>
    <subfield code="2">ddc</subfield>
    <subfield code="4">0</subfield>
    <subfield code="7">0</subfield>
    <subfield code="8">FIC</subfield>
    <subfield code="a">BL4</subfield>
    <subfield code="b">BL4</subfield>
    <subfield code="d">2009-05-18</subfield>
    <subfield code="e">&#x92F;&#x941;&#x917;&#x92C;&#x94B;&#x927; &#x938;&#x93E;&#x939;&#x93F;&#x924;&#x94D;&#x92F;/199/15.9.08/403/4.9.08/19.9.08</subfield>
    <subfield code="g">125.00</subfield>
    <subfield code="l">1</subfield>
    <subfield code="o">&#x909; &#x936;&#x930;&#x94D;&#x92E;&#x93E;&#x92F;&#x93E;</subfield>
    <subfield code="p">B-291590</subfield>
    <subfield code="r">2025-05-17 00:00:00</subfield>
    <subfield code="s">2025-05-13</subfield>
    <subfield code="t">1</subfield>
    <subfield code="v">125.00</subfield>
    <subfield code="w">2009-05-18</subfield>
    <subfield code="y">HN</subfield>
  </datafield>
</record>
